[Event "34ème Open International d'Avoine"]
[Site "AVOINE"]
[Date "2019.07.25"]
[Round "6.12"]
[White "Vallet, Marc"]
[Black "Abergel, Thal"]
[Result "0-1"]
[WhiteElo "2181"]
[BlackElo "2450"]
[PlyCount "45"]
[EventDate "2019.??.??"]

1. e4 c5 2. Nf3 d6 3. d4 cxd4 4. Nxd4 Nf6 5. Nc3 a6 6. Be2 e5 7. Nf3 h6 8. a4
Qc7 9. O-O Be7 10. Be3 Be6 11. Nd2 b6 12. Bf3 Nbd7 13. Nd5 Nxd5 14. exd5 Bf5
15. Be4 Bxe4 16. Nxe4 O-O 17. Bxh6 f5 18. Bg5 fxe4 19. Bxe7 Rf7 20. Bg5 Rc8 21.
Ra3 Qxc2 22. Qh5 e3 23. Rxe3 0-1

[Event "34ème Open International d'Avoine"]
[Site "AVOINE"]
[Date "2019.07.25"]
[Round "6.13"]
[White "Vedmediuc, Serghei"]
[Black "Aubert, Estee"]
[Result "1-0"]
[WhiteElo "2450"]
[BlackElo "1978"]
[PlyCount "97"]
[EventDate "2019.??.??"]

1. e4 c5 2. Nf3 e6 3. d4 cxd4 4. Nxd4 Nf6 5. Nc3 Nc6 6. Bf4 Bb4 7. Ndb5 O-O 8.
Bd6 Bxd6 9. Nxd6 a6 10. Qd2 b5 11. f3 Qa5 12. Nd1 Qxd2+ 13. Kxd2 Ne8 14. Nxc8
Rxc8 15. a4 Nc7 16. axb5 axb5 17. Nc3 b4 18. Nb5 Nxb5 19. Bxb5 Rfd8 20. Ra6 Nd4
21. Bd3 d5 22. e5 Rc6 23. Rha1 g6 24. Rxc6 Nxc6 25. f4 Rb8 26. Ra6 Ne7 27. Ra5
Kg7 28. Rb5 Rxb5 29. Bxb5 g5 30. fxg5 Kg6 31. h4 Kh5 32. Be8 Kxh4 33. Bxf7 Kxg5
34. Ke3 Kf5 35. Kd4 Nc6+ 36. Kc5 Nxe5 37. Bg8 h6 38. Kxb4 Ng4 39. Kc5 Ke5 40.
b4 Ne3 41. b5 Nc4 42. b6 Na5 43. Kb5 Nb7 44. Kc6 Na5+ 45. Kd7 Nb7 46. Bxe6 Nc5+
47. Ke7 d4 48. Bc8 Ke4 49. Kd6 1-0

[Event "34ème Open International d'Avoine"]
[Site "AVOINE"]
[Date "2019.07.25"]
[Round "6.14"]
[White "Dionisi, Thomas"]
[Black "Vekemans, Denis"]
[Result "1-0"]
[WhiteElo "2405"]
[BlackElo "1945"]
[PlyCount "47"]
[EventDate "2019.??.??"]

1. e4 d5 2. exd5 Qxd5 3. Nc3 Qe5+ 4. Be2 Bg4 5. d4 Bxe2 6. Ngxe2 Qa5 7. O-O Nf6
8. Nf4 Nc6 9. d5 O-O-O 10. Bd2 Ne5 11. Qe2 Ng6 12. Nxg6 hxg6 13. Nb5 Qa4 14. c4
Nxd5 15. cxd5 Rxd5 16. Nc3 Qh4 17. h3 Rdh5 18. Rac1 a6 19. Rfd1 e6 20. Be3 Bc5
21. Bxc5 Rxc5 22. Qe3 Qh5 23. b4 Rxc3 24. Qxc3 1-0

[Event "34ème Open International d'Avoine"]
[Site "AVOINE"]
[Date "2019.07.25"]
[Round "6.15"]
[White "Laplanche, Denis"]
[Black "Lejarre, Ludovic"]
[Result "0-1"]
[WhiteElo "2073"]
[BlackElo "2345"]
[PlyCount "80"]
[EventDate "2019.??.??"]

1. d4 Nf6 2. c4 g6 3. Nc3 Bg7 4. e4 d6 5. Be3 O-O 6. f3 a6 7. Nge2 Nbd7 8. g4
c5 9. g5 Ne8 10. f4 b5 11. Bg2 Bb7 12. cxb5 axb5 13. Nxb5 cxd4 14. Nexd4 Qa5+
15. Nc3 e5 16. Nb3 Qb4 17. O-O exf4 18. Rxf4 Bxc3 19. bxc3 Qxc3 20. Bd4 Qc4 21.
Rc1 Qe6 22. Qe2 Ne5 23. Qb5 Ba6 24. Qb6 Bc4 25. Na5 Ra6 26. Nxc4 Rxb6 27. Nxb6
Nd3 28. Rff1 Nxc1 29. Rxc1 Qg4 30. Be3 f6 31. Nd5 fxg5 32. h3 Qe2 33. Bd4 Qd2
34. Be3 Qb2 35. Rc8 Qa1+ 36. Kh2 Qe5+ 37. Kg1 Ng7 38. Rc4 Ne6 39. a4 Qa1+ 40.
Kh2 Qa2 0-1

[Event "34ème Open International d'Avoine"]
[Site "AVOINE"]
[Date "2019.07.25"]
[Round "6.16"]
[White "Vingerhoets, Luc"]
[Black "Shirazi, Kamran"]
[Result "0-1"]
[WhiteElo "1968"]
[BlackElo "2343"]
[PlyCount "44"]
[EventDate "2019.??.??"]

1. e4 c5 2. Nc3 Nf6 3. e5 Ng8 4. Nf3 Nc6 5. Bb5 Nd4 6. O-O e6 7. a4 Qc7 8. Re1
Ne7 9. Bc4 a6 10. d3 Ng6 11. Ba2 Be7 12. Re4 b6 13. Nxd4 cxd4 14. Rxd4 Bb7 15.
Qh5 O-O 16. Rc4 Qb8 17. Bf4 b5 18. Rd4 Bc5 19. Be3 Bxd4 20. Bxd4 Bxg2 21. Ne2
Qb7 22. Qg5 Bh3 0-1

[Event "34ème Open International d'Avoine"]
[Site "AVOINE"]
[Date "2019.07.25"]
[Round "6.17"]
[White "Hautot, Stephane"]
[Black "Riou-Durand, Lionel"]
[Result "1-0"]
[WhiteElo "2328"]
[BlackElo "1936"]
[PlyCount "53"]
[EventDate "2019.??.??"]

1. d4 e6 2. Nf3 f5 3. c4 Nf6 4. Nc3 Be7 5. Qc2 O-O 6. h3 b6 7. g4 Bb7 8. gxf5
exf5 9. d5 Bb4 10. Bd2 c6 11. Rg1 Qe7 12. Nh4 Ne4 13. Nxf5 Rxf5 14. Qxe4 Re5
15. Qg4 cxd5 16. f4 Re6 17. f5 Re5 18. Bh6 Re4 19. Qxg7+ Qxg7 20. Bxg7 Kf7 21.
O-O-O Rxc4 22. e3 Rc8 23. Be2 Nc6 24. Bh5+ Kg8 25. Bf6+ Kf8 26. Rg7 d4 27. Rdg1
1-0

[Event "34ème Open International d'Avoine"]
[Site "AVOINE"]
[Date "2019.07.25"]
[Round "6.18"]
[White "Mauffrey, Hugues"]
[Black "Heurtebize, Olivier"]
[Result "0-1"]
[WhiteElo "1944"]
[BlackElo "2298"]
[PlyCount "80"]
[EventDate "2019.??.??"]

1. e4 c5 2. Nf3 e6 3. d4 cxd4 4. Nxd4 a6 5. Nc3 Qc7 6. Be2 Nf6 7. O-O d6 8. f4
Nbd7 9. Bf3 Be7 10. Qe2 O-O 11. Be3 Nb6 12. Rad1 Nc4 13. Bc1 e5 14. Nf5 Bxf5
15. exf5 Nxb2 16. Bxb2 Qb6+ 17. Qf2 Qxb2 18. Nd5 Nxd5 19. Bxd5 Rab8 20. c4 Qa3
21. Qg3 Qc5+ 22. Kh1 Bf6 23. Qf2 Qa5 24. g4 exf4 25. Qxf4 Be5 26. Qf2 h6 27. g5
hxg5 28. f6 gxf6 29. Rg1 Kg7 30. Qf5 Qd8 31. Rd3 Qe7 32. Rd2 Rh8 33. Rdg2 Rh6
34. Re1 Rbh8 35. Ree2 b6 36. a4 Qc7 37. a5 b5 38. c5 Qxc5 39. Rxg5+ Kf8 40.
Reg2 Qc1+ 0-1

[Event "34ème Open International d'Avoine"]
[Site "AVOINE"]
[Date "2019.07.25"]
[Round "6.19"]
[White "Bonn, Thomas"]
[Black "Eveno, Nathan"]
[Result "1/2-1/2"]
[WhiteElo "2272"]
[BlackElo "1885"]
[PlyCount "29"]
[EventDate "2019.??.??"]

1. d4 d5 2. c4 e6 3. Nf3 c5 4. cxd5 exd5 5. g3 Nf6 6. Bg2 Be7 7. O-O O-O 8.
dxc5 Nc6 9. a3 a5 10. Nc3 Bxc5 11. Qc2 d4 12. Rd1 Qe7 13. Nb5 Rd8 14. Bg5 Bb6
15. b3 1/2-1/2

[Event "34ème Open International d'Avoine"]
[Site "AVOINE"]
[Date "2019.07.25"]
[Round "6.20"]
[White "Lafourcade, Victor"]
[Black "Malassagne, Raphael"]
[Result "1/2-1/2"]
[WhiteElo "1909"]
[BlackElo "2252"]
[PlyCount "98"]
[EventDate "2019.??.??"]

1. e4 c6 2. Nc3 d5 3. Nf3 Nf6 4. exd5 cxd5 5. d4 g6 6. Bf4 a6 7. Bd3 Nc6 8. h3
Nb4 9. O-O Nxd3 10. Qxd3 Bf5 11. Qd2 Bg7 12. Rfe1 Rc8 13. Rac1 h5 14. Nh4 Ne4
15. Nxe4 dxe4 16. Nxf5 gxf5 17. c3 Qd5 18. a3 Rc6 19. Qe2 e6 20. Kh2 h4 21.
Red1 b5 22. Ra1 Bh6 23. Qe3 Bxf4+ 24. Qxf4 Qd6 25. Qxd6 Rxd6 26. a4 Ke7 27.
axb5 axb5 28. Ra5 Rd5 29. Re1 Kf6 30. Re3 Kg5 31. Ra7 Rf8 32. Rb7 Kf4 33. Re2
e5 34. dxe5 Kxe5 35. Kg1 Rfd8 36. Kf1 f6 37. f3 Kf4 38. fxe4 fxe4 39. Rh7 f5
40. Rxh4+ Kg3 41. Rh5 Re5 42. Re3+ Kf4 43. Ke2 Red5 44. g3+ Ke5 45. Kf2 Rd2+
46. Re2 e3+ 47. Kxe3 R8d3+ 48. Kf2+ Rxe2+ 49. Kxe2 Rxg3 1/2-1/2

[Event "34ème Open International d'Avoine"]
[Site "AVOINE"]
[Date "2019.07.25"]
[Round "6.21"]
[White "Perrin, Antoine"]
[Black "Bournel, Antoine"]
[Result "1/2-1/2"]
[WhiteElo "1807"]
[BlackElo "2217"]
[PlyCount "82"]
[EventDate "2019.??.??"]

1. e4 c5 2. Nf3 g6 3. d4 cxd4 4. Nxd4 Nc6 5. Nc3 Bg7 6. Be3 Nf6 7. Bc4 Qc7 8.
Bb3 O-O 9. f3 a6 10. Qd2 Na5 11. O-O-O b5 12. Bh6 Bb7 13. h4 b4 14. Na4 Nxb3+
15. axb3 Rfc8 16. Bxg7 Kxg7 17. h5 e5 18. hxg6 fxg6 19. Nf5+ gxf5 20. Qg5+ Kf7
21. Kb1 d6 22. Rh6 Qe7 23. Nb6 Rg8 24. Qxf5 Rad8 25. Rxh7+ Rg7 26. Rdh1 Rdg8
27. R1h6 Rxh7 28. Rxh7+ Rg7 29. Rxg7+ Kxg7 30. Nc4 Kf7 31. g4 Kg7 32. Qg5+ Kf7
33. Qf5 Qe6 34. g5 Qxf5 35. Nxd6+ Ke6 36. Nxf5 Ne8 37. c3 Bc6 38. Kc2 Bb5 39.
Kd2 Kf7 40. Ke3 Nc7 41. Nd6+ Ke7 1/2-1/2

[Event "34ème Open International d'Avoine"]
[Site "AVOINE"]
[Date "2019.07.25"]
[Round "6.22"]
[White "Grezels, Florian"]
[Black "Kunzer, Bernard"]
[Result "1/2-1/2"]
[WhiteElo "2201"]
[BlackElo "1937"]
[Annotator "Smith,John"]
[PlyCount "136"]
[EventDate "2019.??.??"]

1. e4 e6 2. d4 b6 3. Nf3 Bb7 4. Bd3 d5 5. e5 h6 6. O-O Ne7 7. Re1 Nbc6 8. c3
Qd7 9. a4 g6 10. Nbd2 Nf5 11. Nf1 Na5 12. Ne3 Nxe3 13. Bxe3 Be7 14. Nd2 a6 15.
Qf3 c5 16. b3 c4 17. Bc2 Nxb3 18. Nxb3 cxb3 19. Bxb3 a5 20. Rab1 Rc8 21. Rec1
Bd8 22. Bd1 Ba6 23. Bd2 Bc4 24. h4 Qe7 25. g3 Kd7 26. Rb2 Rc6 27. Bc2 Ke8 28.
Re1 Rc8 29. Rbb1 Kd7 30. Bc1 Rc6 31. Ra1 Qe8 32. Kg2 Be7 33. Qg4 Ba6 34. Re3
Bc4 35. Rb1 Kc7 36. Re1 Ba2 37. Ra1 Bc4 38. Bd2 Kd7 39. Re3 Kc7 40. Rae1 Kb7
41. Rf3 Rc7 42. Bc1 Bf8 43. Qf4 h5 44. Qf6 Bh6 45. Ba3 Qd8 46. Bd6 Rd7 47. Rb1
Qxf6 48. Rxf6 Bg7 49. Rf3 Kc6 {(=)} 50. Kh3 Be2 51. Re3 Bg4+ 52. Kg2 Bh6 53. f4
Bf5 {(=)} 54. Re2 Bf8 55. Bxf5 gxf5 56. Reb2 Rb7 57. Bxf8 Rxf8 58. Kf3 Rd8 59.
Kf2 Kc7 60. Ke3 Rg8 61. Kf2 Rc8 62. Rb3 Rd8 63. R3b2 Rc8 64. Kf3 Rd8 65. Rb3
Rc8 66. Kf2 Rd8 67. Ke2 Rg8 68. Kf2 Rd8 1/2-1/2

[Event "34ème Open International d'Avoine"]
[Site "AVOINE"]
[Date "2019.07.20"]
[Round "6.23"]
[White "Dessenne, Francois"]
[Black "Daeschler, Florian"]
[Result "0-1"]
[WhiteElo "2026"]
[BlackElo "2334"]
[PlyCount "102"]
[EventDate "2019.??.??"]

1. Nf3 Nf6 2. d4 d5 3. c4 e6 4. g3 Be7 5. Bg2 O-O 6. Qc2 c5 7. O-O cxd4 8. Nxd4
Nc6 9. Rd1 Nxd4 10. Rxd4 e5 11. Rd1 d4 12. e3 Bg4 13. f3 Be6 14. exd4 exd4 15.
Be3 Bc5 16. Bf2 d3 17. Qxd3 Bxf2+ 18. Kxf2 Bxc4 19. Qxd8 Raxd8 20. Nc3 b5 21.
Bf1 Bxf1 22. Kxf1 b4 23. Rxd8 Rxd8 24. Rd1 Rc8 25. Nd5 Nxd5 26. Rxd5 Kf8 27.
Ke2 Rc1 28. Rd1 Rc5 29. Rd4 a5 30. Kd2 Ke7 31. h4 Ke6 32. Re4+ Kd7 33. Rd4+ Ke7
34. Re4+ Kf6 35. Rf4+ Kg6 36. Rg4+ Kh6 37. Rd4 g5 38. Kd3 f5 39. hxg5+ Kxg5 40.
Rc4 Rxc4 41. Kxc4 h5 42. Kb5 f4 43. gxf4+ Kxf4 44. Kxa5 h4 45. Kxb4 h3 46. a4
h2 47. Kb5 h1=Q 48. b4 Qxf3 49. a5 Qb7+ 50. Kc5 Ke5 51. b5 Qa7+ 0-1

[Event "34ème Open International d'Avoine"]
[Site "AVOINE"]
[Date "2019.07.25"]
[Round "6.24"]
[White "Radovanovic, Luka"]
[Black "Gao, Etienne"]
[Result "1/2-1/2"]
[WhiteElo "2024"]
[BlackElo "2306"]
[PlyCount "71"]
[EventDate "2019.??.??"]

1. d4 Nf6 2. Nf3 g6 3. c4 Bg7 4. g3 O-O 5. Bg2 d5 6. cxd5 Nxd5 7. O-O Nc6 8. e3
a5 9. Nc3 Nb6 10. Qe2 Bg4 11. h3 Be6 12. Nd2 a4 13. Qf3 Ra5 14. Nde4 Qc8 15.
Nc5 Bd7 16. Nxd7 Qxd7 17. Ne4 a3 18. Qe2 e5 19. Nc5 Qc8 20. Nb3 Ra4 21. d5 Na7
22. e4 axb2 23. Bxb2 Qa8 24. Bc3 c6 25. Rfd1 Rd8 26. dxc6 Rxd1+ 27. Qxd1 Nxc6
28. Qb1 Nd4 29. Bxd4 exd4 30. Nc5 d3 31. Qxb6 Bxa1 32. Nxa4 Qxa4 33. Qd8+ Kg7
34. Qxd3 Qxa2 35. e5 Qa7 36. Qd6 1/2-1/2

[Event "34ème Open International d'Avoine"]
[Site "AVOINE"]
[Date "2019.07.25"]
[Round "6.25"]
[White "Lucidarme, Damien"]
[Black "Eugene, Floryan"]
[Result "0-1"]
[WhiteElo "2003"]
[BlackElo "2300"]
[PlyCount "48"]
[EventDate "2019.??.??"]

1. e4 e5 2. Nf3 Nc6 3. d3 g6 4. Be2 Bg7 5. c3 Nge7 6. b4 a6 7. a3 O-O 8. Nbd2
h6 9. Bb2 d6 10. O-O g5 11. h3 Ng6 12. Re1 Nf4 13. Bf1 h5 14. Nh2 Qd7 15. f3 f5
16. Nc4 g4 17. hxg4 fxg4 18. fxg4 hxg4 19. Ne3 g3 20. Nf3 Qf7 21. d4 Qh5 22.
Bc4+ Kh7 23. Rf1 b5 24. Be2 Rf6 0-1

[Event "34ème Open International d'Avoine"]
[Site "AVOINE"]
[Date "2019.07.25"]
[Round "6.26"]
[White "Devallee, Jeremie"]
[Black "Dubuisson, Samuel"]
[Result "1-0"]
[WhiteElo "2299"]
[BlackElo "1995"]
[PlyCount "67"]
[EventDate "2019.??.??"]

1. d4 Nf6 2. Bf4 d5 3. e3 c5 4. c3 Nc6 5. Nd2 e6 6. Ngf3 Bd6 7. Ne5 Qc7 8. Bb5
O-O 9. Bxc6 bxc6 10. O-O Rb8 11. b3 Nd7 12. Nxd7 Bxd7 13. Bxd6 Qxd6 14. f4 f6
15. Rc1 e5 16. f5 g6 17. fxg6 hxg6 18. Qf3 exd4 19. cxd4 cxd4 20. exd4 Kg7 21.
Rfe1 Rfe8 22. Qf2 Bf5 23. Re3 Be4 24. Rec3 Rb6 25. Rh3 Bf5 26. Rg3 Kf7 27. Rf1
Rb7 28. Rf3 Re6 29. h4 Rbe7 30. h5 Re2 31. hxg6+ Bxg6 32. Rxf6+ Kg7 33. Rxd6
Rxf2 34. Rxf2 1-0

[Event "34ème Open International d'Avoine"]
[Site "AVOINE"]
[Date "2019.07.25"]
[Round "6.27"]
[White "Sandu, Mihaela"]
[Black "Lamaze, Simon"]
[Result "1-0"]
[WhiteElo "2286"]
[BlackElo "2008"]
[Annotator "Smith,John"]
[PlyCount "125"]
[EventDate "2019.??.??"]

1. e4 c5 2. Nf3 Nc6 3. d4 cxd4 4. Nxd4 Nf6 5. Nc3 d6 6. Be2 Nxd4 7. Qxd4 g6 8.
Be3 Bg7 9. O-O O-O 10. Qd2 Be6 11. f3 Qa5 12. Rfd1 Rac8 13. Nd5 Qxd2 14. Rxd2
Nxd5 15. exd5 Bf5 16. c3 b6 17. a4 Bd7 18. a5 Rb8 19. axb6 axb6 20. Ra7 Rfd8
21. c4 b5 22. b3 bxc4 23. Bxc4 Bf6 24. g4 g5 25. Kg2 Bb5 26. h4 h6 27. hxg5
hxg5 28. Bd4 Bxc4 29. Bxf6 Rxb3 30. Bxe7 Re8 31. Kg3 Kg7 32. Rd7 Rb5 33. Bxg5
Rxd5 34. Rxd5 Bxd5 35. Rxd6 Bc4 36. Bf6+ Kh7 37. Bd4 Be6 38. Bc3 Ra8 39. Be5
Re8 40. Bd4 Ra8 41. Bf6 Kg6 42. Be5 Kh7 43. Rd2 Kg6 44. f4 Ra6 45. Rf2 Ra3+ 46.
Kh4 f5 47. g5 Ra2 48. Rf1 Bd5 49. Rd1 Rh2+ 50. Kg3 Rg2+ 51. Kh3 Be4 52. Rd6+
Kf7 53. Rf6+ Kg8 54. g6 Rg1 55. Bd4 Rg4 56. Be5 Rg1 57. Rb6 Kf8 58. Rb8+ Ke7
59. g7 Bd5 60. Bc3 Be6 {Coups suivants peu déchiffrables} 61. Bf6+ Kd7 62. Bg5
Kc6 63. Rf8 1-0

[Event "34ème Open International d'Avoine"]
[Site "AVOINE"]
[Date "2019.07.25"]
[Round "6.28"]
[White "Baillon, Olivier"]
[Black "Dupont, Arthur"]
[Result "1-0"]
[WhiteElo "2279"]
[BlackElo "1985"]
[PlyCount "63"]
[EventDate "2019.??.??"]

1. Nf3 g6 2. c4 Nf6 3. b4 Bg7 4. Bb2 d6 5. g3 O-O 6. Bg2 e5 7. O-O c6 8. d3 h6
9. Nc3 Be6 10. b5 c5 11. Qb3 Nbd7 12. Ne1 Qc8 13. a4 Rb8 14. a5 Kh8 15. Nc2 Nh7
16. Ne4 f5 17. Nxd6 Qc7 18. b6 Qxd6 19. bxa7 Ra8 20. Qxb7 f4 21. Na3 Ng5 22.
Nb5 Qe7 23. Qxa8 Rxa8 24. Bxa8 fxg3 25. fxg3 e4 26. Bxg7+ Kxg7 27. Bc6 exd3 28.
exd3 Bh3 29. Rae1 Ne5 30. a8=Q Bxf1 31. Rxf1 Nef7 32. Be4 1-0

[Event "34ème Open International d'Avoine"]
[Site "AVOINE"]
[Date "2019.07.25"]
[Round "6.29"]
[White "Fruteau, Sabine"]
[Black "Iglesias, Joachim"]
[Result "0-1"]
[WhiteElo "1979"]
[BlackElo "2258"]
[PlyCount "50"]
[EventDate "2019.??.??"]

1. e4 g6 2. d4 Bg7 3. Nf3 d6 4. Bc4 Nf6 5. Nc3 O-O 6. O-O Nc6 7. d5 Ne5 8. Be2
Nxf3+ 9. Bxf3 e5 10. a4 Nd7 11. b4 a5 12. bxa5 Rxa5 13. Nb5 Nc5 14. Bd2 Rxa4
15. Rxa4 Nxa4 16. Qa1 Nc5 17. Qa5 b6 18. Qa3 Ba6 19. c4 f5 20. exf5 gxf5 21.
Bb4 Bxb5 22. cxb5 e4 23. Be2 Qf6 24. Bxc5 dxc5 25. Qa7 Qd6 0-1

[Event "34ème Open International d'Avoine"]
[Site "AVOINE"]
[Date "2019.07.25"]
[Round "6.30"]
[White "Dieu, Bruno"]
[Black "Dreux, Vincent"]
[Result "1-0"]
[WhiteElo "2256"]
[BlackElo "1978"]
[PlyCount "81"]
[EventDate "2019.??.??"]

1. d4 d5 2. Nf3 Nf6 3. e3 e6 4. Bd3 Nbd7 5. b3 c5 6. O-O Bd6 7. Bb2 O-O 8. Nbd2
b6 9. Ne5 Bb7 10. Qf3 h6 11. Qh3 a5 12. f4 Ne4 13. Ndf3 Re8 14. Rad1 Rc8 15.
Bb5 Re7 16. Bxd7 Rxd7 17. Nxd7 Qxd7 18. dxc5 Bxc5 19. Ne5 Qe8 20. c4 Ba6 21.
Rc1 f6 22. Nd3 Bf8 23. Nf2 Nd6 24. Rfd1 dxc4 25. e4 cxb3 26. axb3 Nb7 27. Rxc8
Qxc8 28. Bd4 Nc5 29. Qg4 f5 30. exf5 exf5 31. Qg6 Nxb3 32. Bxb6 Be2 33. Re1 Bb4
34. Rb1 Nd2 35. Bd4 Qd7 36. Rc1 Qxd4 37. Rc8+ Bf8 38. Qe6+ Kh7 39. Qxf5+ g6 40.
Qf7+ Qg7 41. Rxf8 1-0

[Event "34ème Open International d'Avoine"]
[Site "AVOINE"]
[Date "2019.07.25"]
[Round "6.31"]
[White "Nottola, Adrien"]
[Black "Samoun, Florent"]
[Result "1-0"]
[WhiteElo "1964"]
[BlackElo "2230"]
[PlyCount "67"]
[EventDate "2019.??.??"]

1. e4 Nf6 2. e5 Nd5 3. c4 Nb6 4. d4 d6 5. exd6 cxd6 6. Nc3 g6 7. Be3 Bg7 8. Rc1
O-O 9. b3 Nc6 10. d5 Ne5 11. Be2 f5 12. f4 Ng4 13. Bxg4 fxg4 14. Nge2 e6 15.
dxe6 Bxe6 16. O-O Qd7 17. Bd4 Rad8 18. Bxg7 Qxg7 19. Qd4 d5 20. c5 Nc8 21.
Qxg7+ Kxg7 22. Nd4 Bf5 23. Rfe1 Rf7 24. Re5 Ne7 25. Rxf5 Nxf5 26. Ne6+ Kf6 27.
Nxd8 Rd7 28. Nxb7 Rxb7 29. c6 Rb8 30. c7 Rc8 31. Nb5 Ne7 32. Nd6 Rf8 33. c8=Q
Nxc8 34. Rxc8 1-0

[Event "34ème Open International d'Avoine"]
[Site "AVOINE"]
[Date "2019.07.25"]
[Round "6.32"]
[White "Robert, Yoann"]
[Black "Besson, Bastien"]
[Result "0-1"]
[WhiteElo "1961"]
[BlackElo "2204"]
[PlyCount "78"]
[EventDate "2019.??.??"]

1. Nf3 c5 2. g3 Nc6 3. Bg2 Nf6 4. O-O e5 5. c4 Be7 6. Nc3 d6 7. d3 h6 8. Ne1
Be6 9. Nc2 h5 10. Bg5 h4 11. Bxh4 Ng4 12. Bxe7 Qxe7 13. h3 Nf6 14. Nd5 Qd7 15.
g4 Nh7 16. Qd2 f5 17. f3 O-O-O 18. b4 Rdf8 19. a4 Qd8 20. b5 Bxd5 21. cxd5 Na5
22. b6 axb6 23. Rab1 Ng5 24. Kh2 Nxh3 25. Bxh3 Qh4 26. e3 Qxh3+ 27. Kg1 Qh1+
28. Kf2 Rh2+ 29. Ke1 Qxf1+ 30. Kxf1 Rxd2 31. Ne1 fxg4 32. Rxb6 gxf3 33. Rb1 g5
34. d4 Nc4 35. Rb3 g4 36. dxe5 g3 37. Nxf3 Rxf3+ 38. Kg1 g2 39. Rb1 Rh3 0-1

[Event "34ème Open International d'Avoine"]
[Site "AVOINE"]
[Date "2019.07.25"]
[Round "6.33"]
[White "Yche, Michel"]
[Black "Arnaud, Aurelien"]
[Result "0-1"]
[WhiteElo "1957"]
[BlackElo "2196"]
[PlyCount "80"]
[EventDate "2019.??.??"]

1. e4 e5 2. f4 exf4 3. Nf3 Nf6 4. e5 Nh5 5. Bc4 d5 6. Bb3 g5 7. Qe2 g4 8. Nd4
Bc5 9. Qb5+ Nd7 10. c3 c6 11. Nxc6 bxc6 12. Qxc6 Rb8 13. Qxd5 Qe7 14. d4 Bb7
15. Qxf7+ Qxf7 16. Bxf7+ Kxf7 17. O-O Bb6 18. Bxf4 Nxf4 19. Rxf4+ Ke6 20. Nd2
h5 21. Nc4 Rhf8 22. Rxf8 Rxf8 23. Nxb6 axb6 24. c4 Ba6 25. b3 b5 26. cxb5 Bxb5
27. a4 Bd3 28. a5 Nb8 29. Rd1 Bc2 30. Ra1 Na6 31. Rc1 Nb4 32. Ra1 Bd3 33. g3
Kd5 34. Re1 Nc2 35. Rc1 Nxd4 36. Rd1 Bc2 37. Ra1 Bxb3 38. a6 Kxe5 39. Ra5+ Bd5
40. Ra1 Ne2# 0-1

[Event "34ème Open International d'Avoine"]
[Site "AVOINE"]
[Date "2019.07.25"]
[Round "6.34"]
[White "Pottier, Simeon"]
[Black "Lambert, Thomas"]
[Result "0-1"]
[WhiteElo "2192"]
[BlackElo "1965"]
[PlyCount "46"]
[EventDate "2019.??.??"]

1. a3 Nf6 2. Nf3 g6 3. g3 Bg7 4. Bg2 d5 5. c4 c6 6. cxd5 cxd5 7. d4 Nc6 8. O-O
O-O 9. Ne5 Nxe5 10. dxe5 Ne4 11. Qd4 Bf5 12. f3 Nd6 13. Qxd5 Be6 14. Qd4 Nc4
15. Qxd8 Rfxd8 16. f4 f6 17. exf6 Bxf6 18. Nc3 Rac8 19. e4 Bd4+ 20. Kh1 Na5 21.
f5 Bc4 22. Re1 Nb3 23. Rb1 Bd3 0-1

[Event "34ème Open International d'Avoine"]
[Site "AVOINE"]
[Date "2019.07.25"]
[Round "6.35"]
[White "Sohier, Julien"]
[Black "Monnot, Leo"]
[Result "0-1"]
[WhiteElo "2188"]
[BlackElo "1958"]
[PlyCount "92"]
[EventDate "2019.??.??"]

1. Nf3 d5 2. d4 Nf6 3. c4 dxc4 4. e3 Bg4 5. Bxc4 e6 6. Nc3 a6 7. O-O c5 8. Qe2
Nc6 9. Rd1 Be7 10. h3 Bxf3 11. Qxf3 Qc7 12. Bb3 Rd8 13. d5 exd5 14. Nxd5 Nxd5
15. Rxd5 O-O 16. Bd2 b5 17. Rxd8 Bxd8 18. Rd1 Bf6 19. Bc1 Nb4 20. Bd2 Nc6 21.
Bc3 Bxc3 22. bxc3 c4 23. Bc2 Rd8 24. Rxd8+ Nxd8 25. a4 g6 26. axb5 axb5 27. Qd5
Qa5 28. Be4 Ne6 29. Qa8+ Qxa8 30. Bxa8 Nc5 31. Kf1 Na4 32. Bb7 Nxc3 33. Ke1 b4
34. Kd2 Nb1+ 35. Kc2 Na3+ 36. Kb2 Kf8 37. e4 Ke7 38. f4 f6 39. Bc6 g5 40. fxg5
fxg5 41. e5 h6 42. g3 c3+ 43. Kb3 Nb5 44. Be4 Nd4+ 45. Kxb4 c2 46. Bxc2 Nxc2+
0-1

[Event "34ème Open International d'Avoine"]
[Site "AVOINE"]
[Date "2019.07.25"]
[Round "6.36"]
[White "Warnier, Yanis"]
[Black "Mancini, Mario"]
[Result "1/2-1/2"]
[WhiteElo "1946"]
[BlackElo "2166"]
[PlyCount "67"]
[EventDate "2019.??.??"]

1. e4 c5 2. Nf3 e6 3. d4 cxd4 4. Nxd4 a6 5. Nc3 Qc7 6. Bd3 Bc5 7. Nb3 Be7 8.
O-O Nf6 9. Re1 d6 10. a4 b6 11. f4 Nbd7 12. Qe2 e5 13. f5 Bb7 14. Bg5 h6 15.
Be3 O-O 16. Rad1 Rfd8 17. Bc4 Rdc8 18. Nd2 Nc5 19. Nd5 Bxd5 20. Bxd5 Nxd5 21.
exd5 Qd7 22. Bxc5 bxc5 23. Qe4 c4 24. Nxc4 Rab8 25. b3 Rc5 26. Re3 Qc7 27. Kf1
Rb4 28. Rc3 Qd8 29. g3 Qc7 30. h4 Qd8 31. Ke2 Qc7 32. Kf1 Qd8 33. Ke2 Qc7 34.
Kf1 1/2-1/2

[Event "34ème Open International d'Avoine"]
[Site "AVOINE"]
[Date "2019.07.25"]
[Round "6.37"]
[White "Midy, Robin"]
[Black "Marchais, Antoine"]
[Result "1-0"]
[WhiteElo "2160"]
[BlackElo "1943"]
[Annotator "Smith,John"]
[PlyCount "67"]
[EventDate "2019.??.??"]

1. g3 f5 2. Bg2 Nf6 3. c4 d6 4. Nc3 Nc6 5. e3 e6 6. d4 Be7 7. Rb1 O-O 8. b4 Qe8
9. b5 Nd8 10. Nge2 e5 11. Nd5 Nxd5 12. cxd5 Bd7 13. Qb3 g5 14. dxe5 dxe5 15.
d6+ Be6 16. dxe7 Bxb3 17. exf8=Q+ Qxf8 18. Rxb3 a6 19. b6 c6 20. Ba3 Qe8 21.
O-O Nf7 22. Rd1 Rd8 23. Rbb1 Rxd1+ 24. Rxd1 Qe6 25. Rd2 Qc4 26. Bf1 Qa4 {(=)}
27. Be7 Qa5 28. Rd7 Qxb6 29. Nc3 c5 30. Bc4 Qc6 31. Rd6 Qc7 32. Nd5 Qa5 33.
Nf6+ Kg7 34. Nh5+ 1-0

[Event "34ème Open International d'Avoine"]
[Site "AVOINE"]
[Date "2019.07.25"]
[Round "6.38"]
[White "Harutyunyan, Safar"]
[Black "Delalande, Thierry"]
[Result "0-1"]
[WhiteElo "2149"]
[BlackElo "1942"]
[PlyCount "41"]
[EventDate "2019.??.??"]

1. e4 b6 2. d4 Bb7 3. Nc3 e6 4. Bd3 Bb4 5. Nge2 Nf6 6. e5 Nd5 7. O-O Be7 8.
Nxd5 exd5 9. Ng3 c5 10. Qg4 g6 11. f4 c4 12. Be2 Nc6 13. c3 Qc7 14. f5 O-O-O
15. fxg6 fxg6 16. Bh6 Rde8 17. Qh3 Nd8 18. Bg4 Rhg8 19. Ne2 Bc6 20. Nf4 Kb7 21.
Bf3 0-1

[Event "34ème Open International d'Avoine"]
[Site "AVOINE"]
[Date "2019.07.20"]
[Round "6.39"]
[White "Frick, Christoph"]
[Black "Aubert, Laurane"]
[Result "1-0"]
[WhiteElo "2134"]
[BlackElo "1931"]
[PlyCount "71"]
[EventDate "2019.??.??"]

1. d4 d5 2. Bf4 Nf6 3. e3 e6 4. Nd2 c5 5. c3 Nc6 6. Ngf3 Bd6 7. Bg3 Qe7 8. Bd3
O-O 9. Ne5 Nd7 10. Nxd7 Bxd7 11. Bxd6 Qxd6 12. dxc5 Qe7 13. O-O e5 14. b4 e4
15. Bb5 Ne5 16. Bxd7 Qxd7 17. f4 exf3 18. Nxf3 Ng4 19. Re1 Qf5 20. h3 Nf6 21.
Nd4 Qe5 22. Qd3 Ne4 23. Rf1 Qc7 24. c4 Nf6 25. Rf4 Rfe8 26. Nf5 Qe5 27. Raf1
Rad8 28. Nh6+ Kf8 29. Rxf6 gxf6 30. Qxh7 Qh5 31. Rxf6 Rd7 32. g4 Ke7 33. Nf5+
Kxf6 34. Qxh5 dxc4 35. Qh6+ Ke5 36. Qf4+ 1-0

[Event "34ème Open International d'Avoine"]
[Site "AVOINE"]
[Date "2019.07.20"]
[Round "6.40"]
[White "Mauffrey, Victor"]
[Black "Afraoui, Anaelle"]
[Result "0-1"]
[WhiteElo "1936"]
[BlackElo "2110"]
[PlyCount "102"]
[EventDate "2019.??.??"]

1. Nf3 Nf6 2. c4 g6 3. Nc3 Bg7 4. g3 O-O 5. Bg2 d6 6. O-O e5 7. e4 Nc6 8. d4
exd4 9. Nxd4 Nxd4 10. Qxd4 Ng4 11. Qd2 Ne5 12. b3 Qf6 13. Bb2 Nf3+ 14. Bxf3
Qxf3 15. Qf4 Bg4 16. Rfe1 Rfe8 17. Re3 Qxf4 18. gxf4 Bd4 19. Rg3 Bd7 20. Re1 f5
21. e5 dxe5 22. fxe5 Bxe5 23. Rge3 Bf6 24. Kg2 Rxe3 25. Rxe3 Re8 26. Rd3 Bc6+
27. f3 Kf7 28. b4 Rd8 29. Rxd8 Bxd8 30. b5 Bd7 31. Nd5 Be6 32. Kg3 Bxd5 33.
cxd5 Bf6 34. Ba3 Be5+ 35. f4 Bd6 36. Bb2 g5 37. Be5 gxf4+ 38. Kxf4 Bxe5+ 39.
Kxe5 Kg6 40. Ke6 f4 41. Kd7 f3 42. Kxc7 f2 43. d6 f1=Q 44. d7 Qc4+ 45. Kb8 Qd3
46. Kc7 Qc2+ 47. Kb8 Qxh2+ 48. Kxb7 Qd6 49. Kxa7 Qxd7+ 50. Ka6 Qd2 51. a4 Qb4
0-1